000 00511nam a2200193 a 4500
001 17556
003 CO-ViMGA
008 141112s2004 ck r 000 u spa d
020 _a9806437233
040 _aCO-ViMGA
_bspa
_cCO-ViMGA
082 0 4 _aFRAc
100 1 _aFranco, Mercedes
_924867
245 1 0 _aCuentos para gatos
260 _aCaracas (Venezuela),
_cPlayco,
_c2001
300 _a30.p.
590 _aForma de adquisición : Premio - Mincultura
650 1 4 _aCUENTOS INFANTILES
_92743
942 _2ddc
_cBK
999 _c27053
_d27053